000 00634nam a2200205 4500
001 148517
003 ES-MaACL
005 20230906202659.0
007 t|
008 070214s1912 xxk r ||||1| eng d
100 1 _aStrindberg, August.
_9108433
245 1 0 _aPlays /
_cby August Strindberg ; translated from the swedish and introduction by Edwin Björkman.
260 _aLondon :
_bDuckworth & Co.,
_c1912.
300 _a90, 19 p. ;
_c19 x 12 cm.
500 _aContiene: Miss Julia ----- The stronger.
700 1 _aBjorkman, Edwin.
_929050
740 0 _aMiss Julia.
740 0 _aThe stronger.
852 _aES-MaACL
_jC-2493
999 _c148517
_d148517